Largest Cities in Asia Beginning With 'B' - Statistics

General Stats
  • This quiz has been taken 334 times
  • The average score is 11 of 18
Answer Stats
# Population Country Answer % Correct
2 19,900,000 Thailand Bangkok
100%
1 20,500,000 China Beijing
100%
4 7,300,000 Iraq Baghdad
97%
8 2,650,000 Azerbaijan Baku
97%
14 1,820,000 Lebanon Beirut
94%
6 4,025,000 South Korea Busan
93%
3 13,200,000 India Bangalore
88%
5 6,850,000 Indonesia Bandung
79%
16 1,600,000 Iraq Basra
72%
9 2,550,000 India Bhopāl
68%
10 2,175,000 Turkey Bursa
65%
7 3,075,000 India Bhilai
42%
11 2,150,000 China Bāotóu
26%
13 1,980,000 India Bhubaneswar
26%
12 2,025,000 China Băodìng
24%
18 1,330,000 Indonesia Bandar Lampung
19%
17 1,390,000 India Bareilly
18%
15 1,810,000 China Bèngbù
13%
No matching quizzes found
Score Distribution
Percent of People with Each Score
Percentile by Number Answered
Your Score History
You have not taken this quiz